Movie by Superhero Crossover Quiz Stats

 Plays Quiz Updated Aug 29, 2012

Challenge
Share
Tweet
Embed
Score 0/20 Timer 08:00
3 Plays Today
Crossover Movie % Correct
Batman and Wolverine battle to become the top magicianThe Prestige
79.5%
Lucius Fox grants the Riddler divine power.Bruce Almighty
77.5%
Kitty Pryde is pregnant with Scott Pilgrim's child, much to the dismay of her father, J. Jonah Jameson.Juno
71.4%
The Green Hornet goes on the run with his pot dealer, Harry Osborn.Pineapple Express
63.5%
Elektra magically grows up and attempts to reconnect with her childhood friend, the Hulk.13 Going on 30
59.8%
Ghost Rider and Allan Quartermain break into Alcatraz.The Rock
54.8%
John Constantine quarterbacks a football team coached by Lex LuthorThe Replacements
52.7%
Nick Fury leads a special police unit whose members include Bullseye and HawkeyeSWAT
49.9%
Jonah Hex is the 43rd president, Betty Brant is the first lady, and Mr. Fantastic is Britain's prime minister.W
46.8%
Lois Lane is banished from her animated world, and handsome prince Cyclops goes to rescue her.Enchanted
45.8%
Crossover Movie % Correct
Spider-Man decides to leave his longtime home, an orphanage run by Alfred Pennyworth, who trained him to be a doctor.The Cider House Rules
33.6%
Iron Monger (Obadiah Stane) teaches Batman to be a psychic soldier, despite interference from Lex Luthor.The Men Who Stare at Goats
31%
Two-Face and Iron Man chase the fugitive BladeU.S. Marshals
28%
Black Widow and Jane Foster vie to win the affection of their monarch, the Hulk.The Other Boleyn Girl
27.6%
The Joker romances Catwoman after he's bitten by a werewolf.Wolf
27.4%
After being betrayed and left for dead, a team including Captain America, the Comedian and Heimdall go after those who targeted them for assassination.The Losers
22%
Daredevil works to regain his memory, with the help of Poison Ivy and the resistance of Two-Face.Paycheck
21.9%
The Human Torch races against time to save Vicki Vale, with a little help from the ShovelerCellular
17%
Religious leaders the Hulk and Mr. Furious are childhood friends and rivals for the affection of the same woman.Keeping the Faith
16.4%
Dr. Manhattan attempts to seduce Betty Ross while his younger brother falls for a different Betty Ross.Inventing the Abbotts
2.3%

You're not logged in!

Compare scores with friends on all Sporcle quizzes.
OR
Log In

You Might Also Like...

Show Comments

Extras

Top Quizzes Today


Score Distribution

Your Account Isn't Verified!

In order to create a playlist on Sporcle, you need to verify the email address you used during registration. Go to your Sporcle Settings to finish the process.

Report this User

Report this user for behavior that violates our Community Guidelines.

Details: